MARC

LEADER 00000nam0a2200000 4500
001 357203
005 20231102010952.0
035 |a (RuTPU)RU\TPU\retro\14463 
090 |a 357203 
100 |a 20200803d1973 km y0rusy50 ca 
101 0 |a rus 
102 |a RU 
105 |a a z 001zy 
200 1 |a Повышение надежности электрооборудования энергосистем  |e тематический сборник  |f Ивановский энергетический институт ; под ред. В. В. Пучковского 
210 |a Иваново  |c Изд-во ИЭИ  |d 1973 
215 |a 205 с.  |c ил. 
320 |a Библиогр. в конце ст. 
606 1 |a Энергосистемы  |x Эксплуатация  |y Надежность  |2 stltpush  |3 (RuTPU)RU\TPU\subj\72671  |9 86080 
610 1 |a электрооборудование 
610 1 |a линии электропередачи 
610 1 |a трансформаторы напряжения 
610 1 |a частотные характеристики 
610 1 |a динамическая устойчивость 
610 1 |a трансформаторные масла 
610 1 |a изоляционные масла 
610 1 |a релейная защита 
675 |a 621.311.004  |v 4 
702 1 |a Пучковский  |b В. В.  |4 340 
712 0 2 |a Ивановский энергетический институт  |c (1930-1992)  |2 stltpush  |3 (RuTPU)RU\TPU\col\6341  |9 24234 
801 1 |a RU  |b 63413507  |c 20200803 
801 2 |a RU  |b 63413507  |c 20210316  |g RCR 
942 |c BK